000
00324nam a2200133Ia 4500
005
20251222141901.0
008
251222s9999||||xx |||||||||||||| ||spa||
020
_a
9972-883-04-3
082
_a
155.4/B15
100
_a
Baguer de Mesones, Edmmé
245
0
_a
Como conversar con su hijo
264
_b
Libro Amigo
942
_c
LIB
999
_c
8077
_d
8077